| 000 | 00869cam a2200277 i 4500 | ||
|---|---|---|---|
| 001 | 0008123115 | ||
| 003 | OSt | ||
| 005 | 20260310203302.0 | ||
| 007 | ta | ||
| 008 | 250815s2026||||xx |||||| |||| ||fre|d | ||
| 020 | _a9781039715158 | ||
| 024 | 3 | _a9781039715158 | |
| 040 |
_aBTLF _bfre _erda _cBTLF _dSQTD _dQMBND |
||
| 082 | _aALB GOU | ||
| 100 | 1 |
_aGourley, Kashelle _eauteur |
|
| 245 | 1 | 0 |
_aPas recherché _cauteur, Kashelle Gourley, illustrateur, Skylar Hogan |
| 264 | 1 |
_aToronto (Ontario) : _bďitions Scholastic, _c2026 |
|
| 300 | _a40 pages | ||
| 336 |
_atexte _btxt _2rdacontent |
||
| 337 |
_asans mďiation _bn _2rdamedia |
||
| 338 |
_avolume _bnc _2rdacarrier |
||
| 521 | _a3 6̉ ans | ||
| 700 | 1 |
_aHogan, Skylar _eillustrateur |
|
| 942 |
_2ddc _cALBUM |
||
| 999 |
_c18782 _d18782 |
||